000 01021nam a2200265 u 4500
001 000020480
005 20241130074013.0
008 100813s2016 dr 000 0 spa d
020 _a9789945588781
040 _aDO-SdBNP
_bspa
_cBNPHU
082 _aRD861.44
_bB253p
100 1 _aBarina Coiscou, Sócrates,
_d1916-
_943162
245 1 0 _aPoemas memoriales /
_cSócrates Barinas Coiscou ; prólogo Odalís G. Pérez ; textos Ramón Mesa ; edicción Ysabel Florentino, Jesús Cordero.
260 _aSanto Domingo, :
_bEdiciones Ferilibro,
_c2016.
300 _a162 p. ;
_c22 cm.
500 _aIncluye datos biográficos del autor en la solapa de la cubierta.
590 _aInventariado, 2018/LP
650 0 _aPoesía dominicana
_966
650 0 _aLiteratura dominicana.
_967
700 1 _aPérez, Odalís
_d1952-
_epról.
_923828
700 1 _aMesa, Ramón,
_etextos
_943164
700 1 _aFlorentino, Ysabel,
_d1981-
_eed.
_943165
700 1 _aCordero, Jesús,
_eed.
_943166
910 _aValidado. Control de calidad MFF
999 _c19984
_d19984